Ottov sprievodca na cesty Taliančina
| Other Authors: | |
|---|---|
| Format: | Book |
| Language: | Slovak Italian German |
| PhysicalDescription: | 256 s. ilustr. 14 cm |
| Published: |
Praha
Ottovo nakladatelství
2012
|
| ISBN: | 9788073608088 |
| Series: | Ottov sprievodca na cesty
|
| Subjects: |
MARC
| LEADER | 00000cam a2200000 a 4500 | ||
|---|---|---|---|
| 001 | vtls010431041 | ||
| 003 | SK-MaSNL | ||
| 005 | 20260301214156.0 | ||
| 008 | 181130s2012 xr a g f 000 0 slo | ||
| 015 | |a SNBZSA2016 | ||
| 020 | |a 9788073608088 |q (brož.) | ||
| 035 | |a urn:nbn:sk:snk-am00b96g | ||
| 035 | |a urn:nbn:sk:snk-am3h7yj | ||
| 035 | |a 4296355C-2DAE-4BB8-98EE-911B425B0B4E | ||
| 040 | |a SNK |b slo |c SNK |e AACR2 | ||
| 041 | 1 | |a slo |a ita |h ger | |
| 044 | |a xr |c CZ | ||
| 072 | 7 | |a 811.131 |x Taliansko-románske jazyky |2 konspekt | |
| 072 | 7 | |a 81 |x Lingvistika. Jazyky |2 konspekt | |
| 080 | |a 811.131.1 |2 2001 | ||
| 080 | |a 811.162.4 |2 2001 | ||
| 080 | |a (035) |2 2001 | ||
| 080 | |a 808.56 |2 2011 | ||
| 080 | |a 81'373 |2 2001 | ||
| 240 | 1 | 0 | |a Italienisch für die Reise |l Slovensky |
| 245 | 1 | 0 | |a Ottov sprievodca na cesty |p Taliančina |c [z nemeckého originálu ... preložila Zlata Sehnalová] |
| 246 | 3 | 0 | |a Taliančina |
| 260 | |a Praha |b Ottovo nakladatelství |c 2012 | ||
| 300 | |a 256 s. |b ilustr. |c 14 cm | ||
| 490 | 1 | |a Ottov sprievodca na cesty | |
| 504 | |a Slovníček na cesty | ||
| 546 | |a Čiastoč. text tal. | ||
| 650 | 0 | 7 | |a taliančina |2 SNKPH |9 1518 |
| 650 | 0 | 7 | |a slovenčina |2 SNKPH |9 1350 |
| 650 | 0 | 7 | |a konverzácia |2 SNKPH |9 49849 |
| 650 | 0 | 7 | |a slovná zásoba |2 SNKPH |9 66837 |
| 650 | 0 | 7 | |a Italian language |2 SNKPHeng |9 329901 |
| 650 | 0 | 7 | |a Slovak language |2 SNKPHeng |9 266031 |
| 650 | 0 | 7 | |a Conversation, terms and phrases |2 SNKPHeng |9 314419 |
| 650 | 0 | 7 | |a Vocabulary |2 SNKPHeng |9 101868 |
| 655 | 7 | |a príručky |2 SNKPH |9 74364 | |
| 655 | 7 | |a Handbooks, manuals, etc. |2 SNKPHeng |9 90964 | |
| 700 | 1 | |a Sehnalová, Zlata, |d 1941- |4 trl |9 75889 | |
| 830 | 0 | |a Ottov sprievodca na cesty |9 340962 | |
| 919 | |a 978-80-7360-808-8 | ||
| 958 | |a ZS | ||
| 958 | |a OP | ||
| 999 | |c 923945 |d 925875 | ||
| 952 | |a SNK |b SNK |y PREZ |7 0 |p 17A1176651 |o snkSE 13104 |i snk2016/1016 |8 4 |g 2.10 |0 0 |1 0 |4 0 |d 2016-01-14 |f 1 |l 0 |r 2026-02-24 08:26:31 |w 2026-02-24 | ||


